| 000 | 00951nam a22002057a 4500 | ||
|---|---|---|---|
| 999 |
_c62512 _d62512 |
||
| 003 | Ge_BSU | ||
| 005 | 20241122162131.0 | ||
| 008 | 241122s2007 ge ||||| |||| 00| 0 geo d | ||
| 020 | _a9994067540 | ||
| 041 | _ageo | ||
| 080 | _a005 ხ-71 | ||
| 100 |
_aხომერიკი, თემურ. _912646 |
||
| 245 |
_aმენეჯმენტის საფუძვლები / _cთემურ ხომერიკი ; [რედ.გოდერძი ტყეშელაშვილი]. |
||
| 264 |
_aთბილისი : _bეკონ. და მენეჯმ. კონსულტანტთა ასოციაცია, _c2007. |
||
| 300 |
_a269 გვ. : _bნახ. ; _c29 სმ. |
||
| 504 | _aბიბლიოგრ.: გვ. 267-269. | ||
| 653 | _aმენეჯმენტი. | ||
| 700 |
_aტყეშელაშვილი, გოდერძი _eრედაქტორი _97734 |
||
| 942 |
_2udc _cBK |
||